Deutsche Flüsse nach Bundesländern - Kachelauswahl - Statistiken

Allgemein
  • Dieses Quiz wurde 53 mal gespielt
    24 seit der letzten Aktualisierung
  • Das Durchschnittsergebnis liegt bei 39 aus 45
Antwortstatistiken
Frage Kachel Select % Korrekt
Nordrhein-Westfalen fließen. Brenz Nein
96%
Bayern fließen. Donau Ja
96%
Bayern fließen. Elbe Nein
96%
Niedersachsen fließen. Ems Ja
96%
Baden-Württemberg fließen. Fulda Nein
96%
Bayern fließen. Inn Ja
96%
Baden-Württemberg fließen. Lahn Nein
96%
Bayern fließen. Lech Ja
96%
Bayern fließen. Regen Ja
96%
Nordrhein-Westfalen fließen. Rhein Ja
96%
Nordrhein-Westfalen fließen. Ruhr Ja
96%
Niedersachsen fließen. Saale Nein
96%
Baden-Württemberg fließen. Saar Nein
96%
Bayern fließen. Spare Nein
96%
Niedersachsen fließen. Weser Ja
96%
Niedersachsen fließen. Aller Ja
92%
Nordrhein-Westfalen fließen. Fulda Nein
92%
Brandenburg fließen. Havel Ja
92%
Niedersachsen fließen. Leine Ja
92%
Nordrhein-Westfalen fließen. Mosel Nein
92%
Baden-Württemberg fließen. Neckar Ja
92%
Brandenburg fließen. Oker Nein
92%
Nordrhein-Westfalen fließen. Sieg Ja
92%
Niedersachsen fließen. Trave Nein
92%
Bayern fließen. Werra Nein
92%
Nordrhein-Westfalen fließen. Wupper Ja
92%
Baden-Württemberg fließen. Donau Ja
88%
Nordrhein-Westfalen fließen. Lippe Ja
88%
Baden-Württemberg fließen. Rhein Ja
88%
Baden-Württemberg fließen. Salzach Nein
88%
Brandenburg fließen. Spree Ja
88%
Niedersachsen fließen. Unstrut Nein
88%
Bayern fließen. Dreisam Nein
83%
Bayern fließen. Main Ja
83%
Brandenburg fließen. Oder Ja
83%
Brandenburg fließen. Saale Nein
83%
Niedersachsen fließen. Vellar Nein
83%
Brandenburg fließen. Warnow Nein
83%
Brandenburg fließen. Mulde Nein
75%
Baden-Württemberg fließen. Kinzig Ja
67%
Nordrhein-Westfalen fließen. IJssel Nein
63%
Brandenburg fließen. Elbe Ja
58%
Baden-Württemberg fließen. Elz Ja
54%
Niedersachsen fließen. Geeste Ja
46%
Brandenburg fließen. Schwarze Elster Ja
29%
Keine übereinstimmenden Quizze gefunden
Verteilung der Resultate
Anzahl Personen mit jedem Resultat
Perzentil nach korrekt beantworteten Fragen
Ihre Resultats-Entwicklung
Sie haben dieses Quiz seit der letzten Aktualisierung nicht gespielt